| 000 | 00514nam a22001937a 4500 | ||
|---|---|---|---|
| 003 | OSt | ||
| 005 | 20160209143853.0 | ||
| 008 | 160209b xxu||||| |||| 00| 0 eng d | ||
| 020 | _a9789814575119 | ||
| 040 | _cDDC. | ||
| 082 | _a616.157ROD 2000. | ||
| 100 |
_aRodgers.M.George; _96743 |
||
| 245 | _aCase Studies in Hemostasis. | ||
| 260 |
_aChicago. _bJoshua,Weikersheimer. _c2000. |
||
| 300 |
_axv,175p; _bill; _c30cm |
||
| 504 | _aincludes Appendix and Index. | ||
| 650 |
_aMedical. _96393 |
||
| 942 |
_2ddc _cSLOAN |
||
| 999 |
_c3001 _d3001 |
||